Zmluva o obchodnom zastúpení v domácej a v zahraničných právnych úpravách
Povinnosti zastúpeného, stanovenie provízie a zmiešané zmluvy o obchodnom zastúpení.
Salvato in:
| Autore principale: | |
|---|---|
| Natura: | Capitolo di libro |
| Lingua: | slovacco |
| Soggetti: | |
| Tags: |
Nessun Tag, puoi essere il primo ad aggiungerne!!
|
MARC
| LEADER | 00000naa a2200000 4500 | ||
|---|---|---|---|
| 001 | 0228844 | ||
| 005 | 20240502073751.9 | ||
| 041 | 0 | |a slo | |
| 044 | |a SK | ||
| 245 | 1 | 0 | |a Zmluva o obchodnom zastúpení v domácej a v zahraničných právnych úpravách |c Martin Winkler |
| 520 | |a Povinnosti zastúpeného, stanovenie provízie a zmiešané zmluvy o obchodnom zastúpení. | ||
| 610 | 2 | 0 | |a Slovensko |
| 610 | 2 | 0 | |a zastupiteľstvá obchodné |
| 610 | 2 | 0 | |a zákonník obchodný |
| 610 | 2 | 0 | |a zástupcovia obchodní |
| 610 | 2 | 0 | |a zmluvy obchodné |
| 610 | 2 | 0 | |a provízie |
| 610 | 2 | 0 | |a úpravy právne |
| 100 | 1 | |a Winkler, Martin, 1975- | |